Advanced accountancy (Record no. 942)
[ view plain ]
| 000 -LEADER | |
|---|---|
| fixed length control field | 01080 a2200253 4500 |
| 008 - FIXED-LENGTH DATA ELEMENTS--GENERAL INFORMATION | |
| fixed length control field | 080821t xxu||||| |||| 00| 0 eng d |
| 010 ## - LIBRARY OF CONGRESS CONTROL NUMBER | |
| LC control number | ENG-85041-42 |
| 020 ## - INTERNATIONAL STANDARD BOOK NUMBER | |
| International Standard Book Number | 8180545059 (v.1) |
| Terms of availability | 200.00 (set of 2v.) |
| 020 ## - INTERNATIONAL STANDARD BOOK NUMBER | |
| International Standard Book Number | 8180545067 (V.II) |
| Terms of availability | 200.00 (set of 2v.) |
| 035 ## - SYSTEM CONTROL NUMBER | |
| System control number | EN-68574-75 |
| 037 ## - SOURCE OF ACQUISITION | |
| Source of stock number/acquisition | D.B.Act / Pub |
| 082 ## - DEWEY DECIMAL CLASSIFICATION NUMBER | |
| Classification number | 657.48 |
| 100 ## - MAIN ENTRY--PERSONAL NAME | |
| Personal name | Gupta, R. L. |
| 245 ## - TITLE STATEMENT | |
| Title | Advanced accountancy |
| Statement of responsibility, etc | by R. L. Gupta and V. K. Gupta |
| 250 ## - EDITION STATEMENT | |
| Edition statement | 8th ed |
| 260 ## - PUBLICATION, DISTRIBUTION, ETC. (IMPRINT) | |
| Place of publication, distribution, etc | New Delhi |
| Name of publisher, distributor, etc | Sultan Chand and Sons |
| Date of publication, distribution, etc | 2006 |
| 270 ## - ADDRESS | |
| Address | 23, Darya Ganj, |
| City | New Delhi |
| State or province | Delhi |
| Postal code | 110002 |
| Telephone number | 23266105 |
| Fax number | 23266357 |
| 300 ## - PHYSICAL DESCRIPTION | |
| Extent | 2. v. |
| Dimensions | 24 cm (Pbk) |
| 650 ## - SUBJECT ADDED ENTRY--TOPICAL TERM | |
| Topical term or geographic name as entry element | Financial accountancy |
| 700 ## - ADDED ENTRY--PERSONAL NAME | |
| Personal name | Gupta, V. K. |
| 942 ## - ADDED ENTRY ELEMENTS (KOHA) | |
| Institution code [OBSOLETE] | dpl |
| Koha item type | English Books |
| Call number prefix | 657.48 / GUP |
| Source of classification or shelving scheme | Dewey Decimal Classification |
| Classification part | 657.48 |
| Call number suffix | GUP |
| Withdrawn status | Lost status | Damaged status | Not for loan | Home library | Current library | Date acquired | Cost, normal purchase price | Total Checkouts | Total Renewals | Full call number | Barcode | Date last seen | Copy number | Uniform Resource Identifier | Cost, replacement price | Price effective from | Koha item type |
|---|---|---|---|---|---|---|---|---|---|---|---|---|---|---|---|---|---|
| D.B.Act.Division | D.B.Act.Division | 21/08/2008 | 200.00 | 657.48 GUP | EN-68574 | 15/09/2008 | 1 | 1004 | 200.00 | 15/09/2008 | English Books | ||||||
| D.B.Act.Division | D.B.Act.Division | 21/08/2008 | 200.00 | 657.48 GUP | EN-68575 | 15/09/2008 | 1 | 1005 | 200.00 | 15/09/2008 | English Books |
